[Event "DVM U10 2014"]
[Site "Magdeburg GER"]
[Date "2014.12.27"]
[Round "1"]
[White "Gölitz, Lia"]
[Black "Pflugradt, Natalie"]
[Result "0-1"]
[Termination "normal"]
[Board "26.2"]
[WhiteElo "850"]
[BlackElo "1025"]
[WhiteTeam "SG Blau-Weiß Stadtilm 2"]
[BlackTeam "SG Blau-Weiß Stadtilm 1"]
[PlyCount "88"]
[WhiteFideId "16230116"]
[BlackFideId "16212444"]
[EventCountry "GER"]
[EventRounds "7"]
[EventType "team-swiss"]
[EventDate "2014.12.27"]

1. e4 e5 2. Nf3 Nc6 3. Bc4 Bc5 4. Nc3 Nf6 5. d3 h6 6. Be3 Bb6 7. Qd2 d6 8. h3
Be6 9. Bb3 Qd7 10. O-O O-O 11. Nd5 Bxd5 12. Bxd5 Bxe3 13. Qxe3 Nxd5 14. exd5
Ne7 15. c4 f5 16. Qd2 f4 17. Rae1 Nf5 18. Kh1 Rf6 19. Rg1 Qf7 20. b3 Qh5 21. g4
Qxh3+ 22. Nh2 Nd4 23. Qd1 Qh4 24. f3 Re8 25. Qd2 Nxf3 26. Qg2 Nxe1 27. Qe2 f3
28. Qe3 f2 29. Rf1 Rf3 30. Qd2 Rh3 31. Rxf2 Rxh2+ 32. Rxh2 Qg3 33. Qe2 Rf8 34.
Rg2 Nxg2 35. Qxg2 Qe1+ 36. Qg1 Rf1 37. Qxf1 Qxf1+ 38. Kh2 Kf7 39. a3 Kg6 40. b4
Kg5 41. a4 Kh4 42. b5 Qf2+ 43. Kh1 Kh3 44. a5 Qg2# 0-1

[Event "DVM U10 2014"]
[Site "Magdeburg GER"]
[Date "2014.12.27"]
[Round "1"]
[White "Werner, Linus"]
[Black "Kirsch, Martin"]
[Result "1-0"]
[Termination "normal"]
[Board "26.3"]
[WhiteElo "1104"]
[BlackElo "770"]
[WhiteTeam "SG Blau-Weiß Stadtilm 1"]
[BlackTeam "SG Blau-Weiß Stadtilm 2"]
[PlyCount "63"]
[BlackFideId "2925630"]
[EventCountry "GER"]
[EventRounds "7"]
[EventType "team-swiss"]
[EventDate "2014.12.27"]

1. d4 d5 2. g3 Bf5 3. Bg2 Nc6 4. e3 Nf6 5. Ne2 e5 6. O-O exd4 7. exd4 Bd6 8. b3
Qe7 9. Re1 O-O-O 10. Nf4 Be4 11. f3 Rdg8 12. fxe4 dxe4 13. Nc3 Ne5 14. dxe5
Bxe5 15. Ncd5 Qd6 16. Rb1 Rd8 17. c4 Bxf4 18. Bxf4 Qe6 19. Qe2 Nxd5 20. cxd5
Rxd5 21. Qxe4 Qc6 22. Qxd5 Qxd5 23. Bxd5 b6 24. Rbc1 c5 25. Re7 Rf8 26. Rc7+
Kd8 27. Rxa7 Kc8 28. Ra8+ Kd7 29. Rxf8 Ke7 30. Re1+ Kxf8 31. Bd6+ Kg8 32. Re8#
1-0

[Event "DVM U10 2014"]
[Site "Magdeburg GER"]
[Date "2014.12.27"]
[Round "1"]
[White "Langer, Paul Georg"]
[Black "Schmidt, Pauline"]
[Result "0-1"]
[Termination "normal"]
[Board "26.4"]
[WhiteElo "789"]
[BlackElo "867"]
[WhiteTeam "SG Blau-Weiß Stadtilm 2"]
[BlackTeam "SG Blau-Weiß Stadtilm 1"]
[PlyCount "84"]
[WhiteFideId "16230051"]
[BlackFideId "16209850"]
[EventCountry "GER"]
[EventRounds "7"]
[EventType "team-swiss"]
[EventDate "2014.12.27"]

1. e4 e5 2. Nf3 Nc6 3. Bc4 Bc5 4. Nc3 Nf6 5. d3 h6 6. Be3 Bb6 7. Qd2 d6 8.
O-O-O Bg4 9. Qe2 Qd7 10. h3 Bh5 11. Kb1 O-O-O 12. g4 Bg6 13. d4 exd4 14. Nxd4
Nxd4 15. Bxd4 Rde8 16. f3 d5 17. Bxf6 gxf6 18. Bxd5 Qe7 19. Rd2 Rd8 20. Rhd1
Ba5 21. Rd3 c6 22. Bb3 Rhe8 23. Qe3 Bxc3 24. bxc3 Kb8 25. Rxd8+ Rxd8 26. Rxd8+
Qxd8 27. h4 Qd1+ 28. Kb2 h5 29. gxh5 Bxh5 30. f4 Qg4 31. e5 fxe5 32. Qxe5+ Kc8
33. Qf6 Qd7 34. Qg5 Bg6 35. h5 Bh7 36. Qg7 Qf5 37. Bxf7 Qxc2+ 38. Ka3 b5 39.
Bb3 Qc1+ 40. Kb4 Qxf4+ 41. Ka3 c5 42. Qxh7 Qc1# 0-1

[Event "DVM U10 2014"]
[Site "Magdeburg GER"]
[Date "2014.12.27"]
[Round "1"]
[White "Janssen, Mattis"]
[Black "Paulsen, Niels-Martin"]
[Result "0-1"]
[Termination "normal"]
[Board "27.2"]
[WhiteElo "600"]
[BlackElo "1090"]
[WhiteTeam "Lübecker SV von 1873 2"]
[BlackTeam "Lübecker SV von 1873 1"]
[PlyCount "98"]
[BlackFideId "16214994"]
[EventCountry "GER"]
[EventRounds "7"]
[EventType "team-swiss"]
[EventDate "2014.12.27"]

1. e4 c5 2. Nf3 Nc6 3. Bc4 e6 4. d3 g6 5. Bd2 Bg7 6. Bc3 Nf6 7. e5 Ng4 8. h3
Ngxe5 9. Nxe5 Nxe5 10. Bxe5 Bxe5 11. Nc3 Bxc3+ 12. bxc3 O-O 13. d4 d5 14. Bd3
c4 15. Be2 Re8 16. O-O e5 17. dxe5 Rxe5 18. Qd4 Rxe2 19. Rae1 Rxe1 20. Rxe1 Bf5
21. g4 Bxc2 22. Qd2 Bd3 23. Qh6 Qd7 24. Qe3 Rd8 25. Qd4 b6 26. a3 Qd6 27. Qe5
Qxe5 28. Rxe5 Be4 29. Kf1 Kf8 30. Ke2 f6 31. Re6 Kf7 32. Rc6 Rd7 33. h4 f5 34.
g5 Kg7 35. Rf6 d4 36. cxd4 Rxd4 37. Ke3 Rd3+ 38. Kf4 c3 39. Ke5 Rd5+ 40. Ke6
Rd8 41. Rf7+ Kh8 42. Ke7 Rc8 43. Ke6 c2 44. h5 c1=Q 45. hxg6 Qc6+ 46. Ke5 Re8+
47. Kf4 Qd6+ 48. Ke3 Bc6+ 49. Re7 Rxe7# 0-1

[Event "DVM U10 2014"]
[Site "Magdeburg GER"]
[Date "2014.12.27"]
[Round "1"]
[White "Silini, Jalel"]
[Black "Bornholdt, Joa Max"]
[Result "1-0"]
[Termination "normal"]
[Board "27.3"]
[WhiteElo "876"]
[BlackElo "600"]
[WhiteTeam "Lübecker SV von 1873 1"]
[BlackTeam "Lübecker SV von 1873 2"]
[PlyCount "73"]
[WhiteFideId "16215397"]
[BlackFideId "16253477"]
[EventCountry "GER"]
[EventRounds "7"]
[EventType "team-swiss"]
[EventDate "2014.12.27"]

1. e4 e5 2. Nf3 Nc6 3. d4 d6 4. dxe5 dxe5 5. Qxd8+ Nxd8 6. Nxe5 Nf6 7. Bc4 Nxe4
8. O-O Be6 9. Bd3 Nc5 10. Rd1 Bd6 11. Bf4 f6 12. Re1 Nxd3 13. cxd3 Bb4 14. Nc3
Bxc3 15. bxc3 g5 16. Bg3 Nf7 17. Nxf7 Kxf7 18. Bxc7 Rac8 19. Ba5 Rc5 20. Bb4
Re8 21. Bxc5 Rc8 22. Bb4 Rd8 23. Re3 Bf5 24. d4 h5 25. Rae1 Kg6 26. Rd1 Bc2 27.
Rd2 h4 28. Rxc2 b6 29. Rd2 a5 30. Ba3 f5 31. d5 Rd7 32. d6 f4 33. Re7 Rxe7 34.
dxe7 Kh5 35. e8=Q+ Kg4 36. Qg6 f3 37. Rd4# 1-0

[Event "DVM U10 2014"]
[Site "Magdeburg GER"]
[Date "2014.12.27"]
[Round "2"]
[White "Nguyen, Alex Dac-Vuong"]
[Black "Colbow, Collin"]
[Result "1-0"]
[Termination "normal"]
[Board "1.1"]
[WhiteElo "1835"]
[BlackElo "1305"]
[WhiteTeam "BSG Grün-Weiß Leipzig 1"]
[BlackTeam "SK Bremen-Nord"]
[PlyCount "35"]
[WhiteFideId "12984388"]
[BlackFideId "16201132"]
[EventCountry "GER"]
[EventRounds "7"]
[EventType "team-swiss"]
[EventDate "2014.12.27"]

1. e4 e5 2. Nf3 Nc6 3. d4 exd4 4. Bc4 Nf6 5. O-O Bc5 6. e5 d5 7. exf6 dxc4 8.
fxg7 Rg8 9. Re1+ Be6 10. Bg5 Qd7 11. Bf6 Rd8 12. Ng5 h6 13. Nxe6 fxe6 14. Qh5+
Qf7 15. Qxh6 Rf8 16. c3 d3 17. Nd2 b5 18. Ne4 1-0

[Event "DVM U10 2014"]
[Site "Magdeburg GER"]
[Date "2014.12.27"]
[Round "2"]
[White "Rockmann, Enno"]
[Black "Haufe, Laurin"]
[Result "0-1"]
[Termination "normal"]
[Board "1.2"]
[WhiteElo "1031"]
[BlackElo "1476"]
[WhiteTeam "SK Bremen-Nord"]
[BlackTeam "BSG Grün-Weiß Leipzig 1"]
[PlyCount "82"]
[WhiteFideId "12982920"]
[BlackFideId "12976504"]
[EventCountry "GER"]
[EventRounds "7"]
[EventType "team-swiss"]
[EventDate "2014.12.27"]

1. e4 c5 2. Nf3 d6 3. d4 cxd4 4. Nxd4 Nf6 5. Nc3 a6 6. Bc4 e5 7. Nf3 Be7 8. O-O
O-O 9. Re1 Nc6 10. Be3 b5 11. Bd5 Nxd5 12. exd5 Na7 13. Ne4 Bg4 14. h3 Bh5 15.
Ng3 Bg6 16. Qe2 Nc8 17. Rad1 f5 18. Bd2 f4 19. Ne4 Qc7 20. Bc3 Rb8 21. Qd2 Nb6
22. Ba5 Qd7 23. Bxb6 Rxb6 24. Qe2 Rc8 25. c3 Qc7 26. Neg5 Bf5 27. Nd4 Bxg5 28.
Nxf5 g6 29. h4 gxf5 30. hxg5 Qf7 31. Rd2 Qg6 32. Qd3 Qxg5 33. Qc2 f3 34. g3 Qh5
35. Qd3 e4 36. Rxe4 fxe4 37. Qxe4 Re8 38. Qd4 Qh3 39. Qg4+ Qxg4 40. Rd3 Qh3 41.
Rxf3 Re1# 0-1

[Event "DVM U10 2014"]
[Site "Magdeburg GER"]
[Date "2014.12.27"]
[Round "2"]
[White "Hinze, Aaron"]
[Black "Bassow, Konstantin"]
[Result "1/2-1/2"]
[Termination "normal"]
[Board "1.3"]
[WhiteElo "1271"]
[BlackElo "1001"]
[WhiteTeam "BSG Grün-Weiß Leipzig 1"]
[BlackTeam "SK Bremen-Nord"]
[PlyCount "63"]
[WhiteFideId "12990183"]
[BlackFideId "12982415"]
[EventCountry "GER"]
[EventRounds "7"]
[EventType "team-swiss"]
[EventDate "2014.12.27"]

1. e4 e5 2. Nf3 Nc6 3. d4 d6 4. dxe5 dxe5 5. Qxd8+ Nxd8 6. Nxe5 Bd6 7. Nc4 Nf6
8. Nxd6+ cxd6 9. Nc3 Ne6 10. Bb5+ Bd7 11. Bxd7+ Nxd7 12. Nd5 O-O 13. O-O Ndc5
14. Re1 Ng5 15. Bxg5 f6 16. Be3 Nxe4 17. f3 Nc5 18. Bxc5 dxc5 19. Re7 Rad8 20.
Nc3 Rd2 21. Rc1 Rb8 22. Rc7 b5 23. Rxc5 b4 24. Rc7 bxc3 25. Rxc3 Rxb2 26. Rc7
Rxa2 27. Rb1 h6 28. c4 Rxg2+ 29. Kf1 Rxh2 30. Kg1 Rab2 31. Rxb2 Rxb2 32. c5
1/2-1/2

[Event "DVM U10 2014"]
[Site "Magdeburg GER"]
[Date "2014.12.27"]
[Round "2"]
[White "Adams, Curtis"]
[Black "Rose, Noah"]
[Result "0-1"]
[Termination "normal"]
[Board "1.4"]
[WhiteElo "874"]
[BlackElo "1213"]
[WhiteTeam "SK Bremen-Nord"]
[BlackTeam "BSG Grün-Weiß Leipzig 1"]
[PlyCount "44"]
[BlackFideId "12990191"]
[EventCountry "GER"]
[EventRounds "7"]
[EventType "team-swiss"]
[EventDate "2014.12.27"]

1. e4 c5 2. Nf3 d6 3. Nc3 Nf6 4. d3 e6 5. Bg5 Be7 6. Be2 Nc6 7. Qd2 a6 8. a3 b5
9. d4 b4 10. Nb1 Nxe4 11. Qc1 Nxg5 12. dxc5 dxc5 13. axb4 Nxf3+ 14. Bxf3 Bb7
15. O-O cxb4 16. Rd1 Qc7 17. c3 bxc3 18. Nxc3 O-O 19. Rd2 Bg5 20. Qc2 Bxd2 21.
Qxd2 Rfd8 22. Qc2 Nd4 0-1

[Event "DVM U10 2014"]
[Site "Magdeburg GER"]
[Date "2014.12.27"]
[Round "2"]
[White "Hundrieser, Malte"]
[Black "Brunner, Sophia"]
[Result "0-1"]
[Termination "normal"]
[Board "2.1"]
[WhiteElo "1630"]
[BlackElo "1429"]
[WhiteTeam "SV Roter Turm Halle 1"]
[BlackTeam "Hagener SV 1"]
[PlyCount "86"]
[WhiteFideId "12997153"]
[BlackFideId "12960683"]
[EventCountry "GER"]
[EventRounds "7"]
[EventType "team-swiss"]
[EventDate "2014.12.27"]

1. e4 Nf6 2. Nc3 d5 3. exd5 Nxd5 4. Nxd5 Qxd5 5. Nf3 Bg4 6. Be2 e6 7. O-O Be7
8. d3 O-O 9. h3 Bh5 10. b3 Bf6 11. Rb1 c5 12. Bb2 Bxb2 13. Rxb2 Nc6 14. c4 Qd7
15. Qd2 Bxf3 16. Bxf3 Nd4 17. Qe3 Rad8 18. Rd2 Qc7 19. Re1 Rd7 20. Be4 Rfd8 21.
Red1 Rd6 22. Bf3 Nxf3+ 23. Qxf3 Rd4 24. Re1 R8d6 25. Re3 Qc6 26. Qg3 Qc7 27.
Qe5 Rd7 28. Qg5 Qd6 29. Rg3 g6 30. Rf3 a5 31. Qe3 b6 32. Qe2 a4 33. bxa4 Rxc4
34. Qd1 Rd4 35. Qc2 c4 36. Kf1 cxd3 37. Qc8+ Rd8 38. Qb7 Qh2 39. Qxf7+ Kh8 40.
Qf6+ Kg8 41. Qxe6+ Kg7 42. Rf7+ Kh6 43. Rf4 Rxf4 0-1

[Event "DVM U10 2014"]
[Site "Magdeburg GER"]
[Date "2014.12.27"]
[Round "2"]
[White "Lindemann, Jarno"]
[Black "Pietsch, Johann"]
[Result "0-1"]
[Termination "normal"]
[Board "2.4"]
[WhiteElo "1363"]
[BlackElo "971"]
[WhiteTeam "Hagener SV 1"]
[BlackTeam "SV Roter Turm Halle 1"]
[PlyCount "108"]
[WhiteFideId "12977934"]
[BlackFideId "12987000"]
[EventCountry "GER"]
[EventRounds "7"]
[EventType "team-swiss"]
[EventDate "2014.12.27"]

1. d4 Nf6 2. Nc3 d6 3. Bg5 Nbd7 4. e3 e6 5. Bb5 Be7 6. Nf3 b6 7. Bc6 Rb8 8. e4
Bb7 9. Bxb7 Rxb7 10. e5 dxe5 11. Nxe5 Nxe5 12. dxe5 Qxd1+ 13. Rxd1 Nd7 14. Bxe7
Kxe7 15. f4 c5 16. g3 f6 17. exf6+ Nxf6 18. O-O Ng4 19. f5 Ne3 20. Rde1 Nxf1
21. Rxe6+ Kf7 22. Nb5 Rd7 23. Nd6+ Rxd6 24. Rxd6 Ne3 25. Rd2 Nxf5 26. Rf2 g6
27. g4 Rg8 28. Kf1 Ke6 29. gxf5+ gxf5 30. Re2+ Kf6 31. Kf2 Rg4 32. Rd2 Rd4 33.
Re2 a5 34. c3 Rd3 35. a3 f4 36. Re4 Kf5 37. Re7 Rd2+ 38. Re2 Rxe2+ 39. Kxe2 Kg4
40. b3 b5 41. b4 axb4 42. axb4 cxb4 43. cxb4 h5 44. Kf2 f3 45. Ke3 h4 46. Kf2
Kf4 47. h3 Ke4 48. Kf1 Kd4 49. Kf2 Kc4 50. Kxf3 Kxb4 51. Ke2 Kc3 52. Kd1 Kd3
53. Kc1 Ke2 54. Kb2 Kf2 0-1

[Event "DVM U10 2014"]
[Site "Magdeburg GER"]
[Date "2014.12.27"]
[Round "2"]
[White "Zeuner, Ole"]
[Black "Böttner, Oliver"]
[Result "1-0"]
[Termination "normal"]
[Board "3.1"]
[WhiteElo "1484"]
[BlackElo "1110"]
[WhiteTeam "Schachzwerge Magdeburg 1"]
[BlackTeam "FHSG Stralsund"]
[PlyCount "55"]
[WhiteFideId "12943576"]
[BlackFideId "16208870"]
[EventCountry "GER"]
[EventRounds "7"]
[EventType "team-swiss"]
[EventDate "2014.12.27"]

1. e4 e5 2. Nf3 Nc6 3. Bc4 Be7 4. O-O Nf6 5. d3 O-O 6. Nc3 b6 7. d4 exd4 8.
Nxd4 Bb7 9. Re1 Bc5 10. Nxc6 Bxc6 11. Bg5 d6 12. Nd5 Re8 13. Nxf6+ gxf6 14. Bh6
Bxe4 15. Qg4+ Bg6 16. h4 Rxe1+ 17. Rxe1 f5 18. Qg3 d5 19. Qe5 f6 20. Bxd5+ Kh8
21. Qc3 Rb8 22. Bb3 Bd4 23. Qd2 Bxb2 24. Qxd8+ Rxd8 25. Re7 Rd1+ 26. Kh2 Be5+
27. g3 f4 28. Bg7# 1-0

[Event "DVM U10 2014"]
[Site "Magdeburg GER"]
[Date "2014.12.27"]
[Round "2"]
[White "Jenschke, Tim"]
[Black "Morgenstern, Tobias"]
[Result "1-0"]
[Termination "normal"]
[Board "3.2"]
[WhiteElo "1090"]
[BlackElo "1342"]
[WhiteTeam "FHSG Stralsund"]
[BlackTeam "Schachzwerge Magdeburg 1"]
[PlyCount "87"]
[BlackFideId "12974390"]
[EventCountry "GER"]
[EventRounds "7"]
[EventType "team-swiss"]
[EventDate "2014.12.27"]

1. e4 e5 2. Nf3 Nc6 3. Nc3 Nf6 4. Bc4 Nxe4 5. Nxe4 d5 6. Qe2 dxc4 7. Qxc4 Be6
8. Qe2 Be7 9. O-O O-O 10. b3 Nd4 11. Nxd4 Qxd4 12. c3 Qd7 13. Qe3 Rad8 14. Re1
b6 15. b4 Bd5 16. f3 c5 17. bxc5 Bxe4 18. fxe4 Bxc5 19. d4 exd4 20. Qf3 d3+ 21.
Be3 Qb5 22. Kh1 Rd7 23. Qf5 Rfd8 24. Rf1 Bxe3 25. Qxb5 d2 26. Rad1 Rd3 27. Qc4
R8d7 28. Rf3 h6 29. Qc8+ Rd8 30. Qc6 a6 31. h3 R3d6 32. Qc4 Bg5 33. Qxf7+ Kh7
34. Qf5+ Kh8 35. Qe5 Rc6 36. Qg3 Bf6 37. Rd3 Rxd3 38. Qxd3 Bxc3 39. Qc2 b5 40.
Rxd2 Rc7 41. Rd8+ Kh7 42. e5+ g6 43. Qb3 Bxe5 44. Qg8# 1-0

[Event "DVM U10 2014"]
[Site "Magdeburg GER"]
[Date "2014.12.27"]
[Round "2"]
[White "Eschner, Fabian"]
[Black "Troyke, Jannis"]
[Result "1-0"]
[Termination "normal"]
[Board "3.3"]
[WhiteElo "1216"]
[BlackElo "1089"]
[WhiteTeam "Schachzwerge Magdeburg 1"]
[BlackTeam "FHSG Stralsund"]
[PlyCount "63"]
[WhiteFideId "16232860"]
[BlackFideId "12993115"]
[EventCountry "GER"]
[EventRounds "7"]
[EventType "team-swiss"]
[EventDate "2014.12.27"]

1. e4 c5 2. Nf3 Nc6 3. d4 cxd4 4. Nxd4 Nf6 5. Nc3 e5 6. Nf3 Bb4 7. Bd3 d5 8.
exd5 Nxd5 9. Bd2 Nf6 10. O-O Bxc3 11. Bxc3 Qc7 12. Re1 Nd7 13. Bb5 f6 14. Bc4
Nb6 15. Bb3 a5 16. a4 Bg4 17. Qd3 Rd8 18. Qe2 Nd4 19. Bxd4 Rxd4 20. Qb5+ Bd7
21. Qxa5 Rg4 22. Re2 Bc6 23. Ne1 Rh4 24. h3 g5 25. Rd1 g4 26. hxg4 e4 27. g3
Rxg4 28. Kf1 h5 29. Red2 Ke7 30. Rd6 Re8 31. Re6+ Kf8 32. Rxf6+ 1-0

[Event "DVM U10 2014"]
[Site "Magdeburg GER"]
[Date "2014.12.27"]
[Round "2"]
[White "Lange, Anton"]
[Black "Heutling, Elina"]
[Result "0-1"]
[Termination "normal"]
[Board "3.4"]
[WhiteElo "866"]
[BlackElo "972"]
[WhiteTeam "FHSG Stralsund"]
[BlackTeam "Schachzwerge Magdeburg 1"]
[PlyCount "46"]
[WhiteFideId "34603816"]
[BlackFideId "16244729"]
[EventCountry "GER"]
[EventRounds "7"]
[EventType "team-swiss"]
[EventDate "2014.12.27"]

1. e4 e5 2. Nf3 Nc6 3. Bc4 Bc5 4. O-O Nf6 5. d3 d6 6. Nc3 Bg4 7. h3 Bh5 8. g4
Nxg4 9. hxg4 Bxg4 10. Be3 O-O 11. Nd5 Nd4 12. Bxd4 Bxd4 13. c3 c6 14. cxd4 cxd5
15. Bxd5 exd4 16. Rc1 Qf6 17. Kg2 Rfe8 18. Re1 Re5 19. a3 Rg5 20. Kf1 Bxf3 21.
Qc2 Rg1+ 22. Kxg1 Qg5+ 23. Kf1 Qg2# 0-1

[Event "DVM U10 2014"]
[Site "Magdeburg GER"]
[Date "2014.12.27"]
[Round "2"]
[White "Hommel, Niclas"]
[Black "Bergauz, Igal"]
[Result "0-1"]
[Termination "normal"]
[Board "4.1"]
[WhiteElo "1552"]
[BlackElo "1777"]
[WhiteTeam "Schachunion Berlin 1"]
[BlackTeam "SK München Südost"]
[PlyCount "50"]
[WhiteFideId "12974927"]
[BlackFideId "12977284"]
[EventCountry "GER"]
[EventRounds "7"]
[EventType "team-swiss"]
[EventDate "2014.12.27"]

1. e4 c6 2. d4 d5 3. exd5 cxd5 4. c4 e6 5. Nf3 Be7 6. Bd3 dxc4 7. Bxc4 Nf6 8.
O-O O-O 9. Nc3 a6 10. a3 b5 11. Be2 Bb7 12. Be3 Nd5 13. Nxd5 Qxd5 14. Ne1 Nc6
15. Bf3 Qd7 16. d5 Ne5 17. dxe6 Nxf3+ 18. Nxf3 Qxe6 19. Qe2 Bd5 20. Rfe1 Bc4
21. Qd2 Rad8 22. Qa5 Qd6 23. Rad1 Qxd1 24. Rxd1 Rxd1+ 25. Ne1 b4 0-1

[Event "DVM U10 2014"]
[Site "Magdeburg GER"]
[Date "2014.12.27"]
[Round "2"]
[White "Grunert, Friedrich"]
[Black "Fricke, Janek Konrad"]
[Result "0-1"]
[Termination "normal"]
[Board "4.2"]
[WhiteElo "1492"]
[BlackElo "1225"]
[WhiteTeam "SK München Südost"]
[BlackTeam "Schachunion Berlin 1"]
[PlyCount "78"]
[WhiteFideId "12995592"]
[BlackFideId "12997471"]
[EventCountry "GER"]
[EventRounds "7"]
[EventType "team-swiss"]
[EventDate "2014.12.27"]

1. e4 c5 2. Nf3 Nc6 3. d4 cxd4 4. Nxd4 g6 5. Be3 Bg7 6. Nc3 Nf6 7. Qd2 d5 8.
Bd3 dxe4 9. Nxe4 Nxe4 10. Nxc6 Nxd2 11. Nxd8 Bxb2 12. Rb1 Nxb1 13. O-O Nc3 14.
Nxf7 Kxf7 15. f4 Nxa2 16. f5 Bf6 17. fxg6+ hxg6 18. Bc4+ Be6 19. Bd3 b6 20. Be4
Rad8 21. Bg5 Kg7 22. Bxf6+ exf6 23. Rf3 Nb4 24. Rg3 f5 25. Bd3 Nxd3 26. cxd3 a5
27. h3 a4 28. d4 Rxd4 29. Ra3 b5 30. Kf2 Rb4 31. Ke2 Rd8 32. g4 fxg4 33. hxg4
Rb3 34. Rxb3 axb3 35. g5 b2 36. Kf2 Bg8 37. Ke3 b1=Q 38. Kf2 Qc2+ 39. Ke1 Rd1#
0-1

[Event "DVM U10 2014"]
[Site "Magdeburg GER"]
[Date "2014.12.27"]
[Round "2"]
[White "Kessen, Fanny"]
[Black "Cheng, Dino Liwen"]
[Result "0-1"]
[Termination "normal"]
[Board "4.3"]
[WhiteElo "942"]
[BlackElo "1029"]
[WhiteTeam "Schachunion Berlin 1"]
[BlackTeam "SK München Südost"]
[PlyCount "102"]
[WhiteFideId "16217357"]
[EventCountry "GER"]
[EventRounds "7"]
[EventType "team-swiss"]
[EventDate "2014.12.27"]

1. e4 c5 2. Nf3 g6 3. d4 cxd4 4. Nxd4 Nc6 5. Bb5 Bg7 6. Nxc6 bxc6 7. Bd3 Rb8 8.
O-O d6 9. Bf4 Bxb2 10. Nd2 Bxa1 11. Qxa1 e5 12. Be3 c5 13. Nc4 Ne7 14. Bh6 Nc6
15. Bg7 Rg8 16. Bh6 Ba6 17. Na5 Qxa5 18. Bxa6 Qxa6 19. c3 Qd3 20. Bg5 Qxe4 21.
f3 Qf5 22. Be3 Ke7 23. Qd1 Rb7 24. Bd2 Rgb8 25. Bc1 Rb1 26. a4 h5 27. c4 e4 28.
Re1 Ne5 29. fxe4 Qg4 30. Qc2 Nf3+ 31. Kf1 Nxe1 32. Kxe1 f5 33. exf5 Qxf5 34.
Qe2+ Qe5 35. Qxe5+ dxe5 36. Kf2 Rf8+ 37. Kg3 Rb3+ 38. Kh4 Rf5 39. Bg5+ Rxg5 40.
Kxg5 Ke6 41. Kxg6 Rb2 42. Kxh5 Rf2 43. h4 e4 44. g4 e3 45. g5 e2 46. g6 Rg2 47.
Kh6 Rxg6+ 48. Kxg6 e1=Q 49. h5 Qg3+ 50. Kh6 Kf7 51. a5 Qg7# 0-1

[Event "DVM U10 2014"]
[Site "Magdeburg GER"]
[Date "2014.12.27"]
[Round "2"]
[White "Noever, Niklas"]
[Black "Deutsch, Christoph"]
[Result "1-0"]
[Termination "normal"]
[Board "5.1"]
[WhiteElo "1400"]
[BlackElo "1215"]
[WhiteTeam "Rheydter Schachverein 1920"]
[BlackTeam "SK Gründau"]
[PlyCount "81"]
[WhiteFideId "12988642"]
[BlackFideId "16206878"]
[EventCountry "GER"]
[EventRounds "7"]
[EventType "team-swiss"]
[EventDate "2014.12.27"]

1. e4 e5 2. Nf3 Nc6 3. Bb5 a6 4. Ba4 Bc5 5. c3 Nf6 6. d3 h6 7. Be3 Bxe3 8. fxe3
d6 9. h3 Bd7 10. Nbd2 Qe7 11. Qe2 b5 12. Bb3 O-O 13. O-O Be6 14. d4 Bxb3 15.
axb3 Qd7 16. b4 Rfe8 17. Rfe1 a5 18. d5 Ne7 19. Rxa5 Rxa5 20. bxa5 c6 21. dxc6
Qxc6 22. Qd3 Qa6 23. b4 Rc8 24. Rc1 Nc6 25. Qxd6 Rd8 26. Qc5 Rc8 27. Qb6 Qxb6
28. axb6 Rb8 29. c4 Rxb6 30. cxb5 Nxb4 31. Nxe5 Rxb5 32. Rc8+ Kh7 33. Nxf7 Rb7
34. Rh8+ Kg6 35. Ne5+ Kh5 36. g4+ Kh4 37. Kh2 Nxg4+ 38. hxg4 Kg5 39. Rf8 h5 40.
Ndf3+ Kh6 41. Rh8# 1-0

[Event "DVM U10 2014"]
[Site "Magdeburg GER"]
[Date "2014.12.27"]
[Round "2"]
[White "Bayer, Melissa"]
[Black "Bartels, Simon"]
[Result "0-1"]
[Termination "normal"]
[Board "5.2"]
[WhiteElo "1040"]
[BlackElo "1235"]
[WhiteTeam "SK Gründau"]
[BlackTeam "Rheydter Schachverein 1920"]
[PlyCount "102"]
[WhiteFideId "16206916"]
[BlackFideId "12990140"]
[EventCountry "GER"]
[EventRounds "7"]
[EventType "team-swiss"]
[EventDate "2014.12.27"]

1. e4 c5 2. Nc3 Nc6 3. Bc4 g6 4. d3 Bg7 5. Nf3 Nf6 6. Ng5 O-O 7. Qf3 e6 8. Qh3
d5 9. Bb5 Nd4 10. Kd1 a6 11. Ba4 c4 12. e5 Nh5 13. g4 f6 14. exf6 Bxf6 15. gxh5
Bxg5 16. hxg6 hxg6 17. Rf1 Bxc1 18. Rxc1 b5 19. Qg4 Qf6 20. Qg3 Qf3+ 21. Kd2
Qxg3 22. fxg3 Bd7 23. Bb3 cxb3 24. axb3 Rxf1 25. Rxf1 Rf8 26. Rxf8+ Kxf8 27.
Ne2 Nxe2 28. Kxe2 Kf7 29. Kf3 e5 30. h4 Bf5 31. g4 e4+ 32. dxe4 Bxe4+ 33. Kf4
Bxc2 34. b4 d4 35. h5 gxh5 36. gxh5 d3 37. Ke3 Kf6 38. Kd2 Kg5 39. h6 Kxh6 40.
Ke3 Kg5 41. Kd2 Kf4 42. Kc3 Ke3 43. b3 Bxb3 44. Kxb3 d2 45. Kc2 Ke2 46. Kc3
d1=Q 47. Kb2 Kd2 48. Ka2 Qa4+ 49. Kb2 Qxb4+ 50. Ka2 Kc2 51. Ka1 Qb1# 0-1

[Event "DVM U10 2014"]
[Site "Magdeburg GER"]
[Date "2014.12.27"]
[Round "2"]
[White "Leßmann, Sönke"]
[Black "Deutsch, Volker"]
[Result "0-1"]
[Termination "normal"]
[Board "5.3"]
[WhiteElo "1151"]
[BlackElo "1059"]
[WhiteTeam "Rheydter Schachverein 1920"]
[BlackTeam "SK Gründau"]
[PlyCount "106"]
[WhiteFideId "16222520"]
[BlackFideId "16206886"]
[EventCountry "GER"]
[EventRounds "7"]
[EventType "team-swiss"]
[EventDate "2014.12.27"]

1. e4 e5 2. Nf3 Nc6 3. Bc4 Bc5 4. c3 Nf6 5. d3 h6 6. h3 d6 7. Nbd2 O-O 8. Nf1
Be6 9. Bb3 Qd7 10. Ng3 Rfe8 11. O-O Rad8 12. Kh2 d5 13. Re1 dxe4 14. dxe4 Qxd1
15. Rxd1 Rxd1 16. Bxd1 Bxf2 17. Bc2 Bxg3+ 18. Kxg3 Nh5+ 19. Kf2 Nf4 20. Be3 a6
21. Rd1 Bc4 22. b3 Be2 23. Rd7 Bxf3 24. Bxf4 exf4 25. Kxf3 Ne5+ 26. Kxf4 Nxd7
27. Bd3 g5+ 28. Kf5 Re5+ 29. Kg4 Nc5 30. Bc2 Nxe4 31. Kf3 Nxc3 32. a3 f5 33. g3
Nd5 34. Kf2 f4 35. gxf4 gxf4 36. Bd1 c5 37. Bf3 Kg7 38. a4 b5 39. axb5 axb5 40.
h4 c4 41. bxc4 bxc4 42. Be2 c3 43. Ke1 c2 44. Kd2 Ne3 45. Bd3 Rc5 46. Kc1 f3
47. h5 f2 48. Be2 f1=Q+ 49. Bxf1 Nxf1 50. Kb2 c1=Q+ 51. Ka2 Rc2+ 52. Kb3 Rb2+
53. Ka4 Qa1# 0-1